| 000 | 00548nam a2200229Ia 4500 | ||
|---|---|---|---|
| 005 | 20250425161958.0 | ||
| 008 | 250425s9999 xx 000 0 und d | ||
| 041 | _aspa | ||
| 082 | _a378.866 | ||
| 100 | _aCONUEP, CONUEP | ||
| 245 | 0 | _aPROBLEMAS UNIVERSITARIOS: CUADERNOS DE ANALISIS NO.6 | |
| 250 | _a1A ED. | ||
| 260 |
_aEcuador _bCONUEP _c1990 |
||
| 260 | _aS.L. | ||
| 300 | _a151 | ||
| 650 | _aPLANIFICACION | ||
| 650 | _aPRESUPUESTOS | ||
| 650 | _aUNIVERSIDAD ECUATORIANA | ||
| 710 | _aCONUEP | ||
| 942 | _c01 | ||
| 010 | _a38505 | ||
| 999 |
_c220019 _d220019 |
||